00326pab a2200109 454500008003600000100001800036245006000054362003000114650002100144650001900165773003200184180718b xxu||||| |||| 00| 0 eng d aMoosa Imad A. aMoney, output and prices in India: some empirical tests a73(291), Apr 93, p.439-61 a :Price -- India aMoney -- India aIndian Journal of Economics